MDQL
is popping MORE tags! Check the
thread
!
Quizzes
Events
Quiz Creation
Community
Videos
Private Events
Remove Ads
Sign In
Join for FREE
Feedback
Dark Mode
Quiz Categories
Sports
Geography
Music
Movies
Television
Just For Fun
Miscellaneous
History
Literature
Language
Science
Gaming
Entertainment
Religion
Holiday
For Kids
Quiz Lab
Recent
Popular Today
Quiz Kudos Today
Editor Picks
Curator Picks
Quizzes by...
Day
Popularity
Type
Ratings
Length
Year
Community
Subscriptions
Recent Discussions
Orange Saloon
Badges
Playlists
Quests
Create
Leaderboards
Showdown
Live 5
Trivia Bingo
Activity
Puzzle Library
Sporcle Events
Private Events
Virtual Trivia
Globe League
Become a Host
Pub Owners
SporcleCon
Opinionation
Our Games
Videos
Blog
Mobile Apps
Partnerships
Remove Ads and Go Orange
Feedback
Sports
Athletes
MLB
NBA
NHL
NFL
Soccer
Sports Teams
WWE
NCAA
Football
Premier League
Basketball
Baseball
Hockey
Golf
Tennis
Cricket
Rugby
Auto Racing
Olympics
World Cup
Sports
Athletes
MLB
NBA
NHL
NFL
Soccer
Sports Teams
WWE
NCAA
Football
Premier League
Basketball
Baseball
Hockey
Golf
Tennis
Cricket
Rugby
Auto Racing
Olympics
World Cup
Random Quiz
Search Sporcle
×
Quiz Lab
Quiz Lab
Sports
Baseball
Type in answers that appear in a list
Type in answers that appear in a list
Classic
Best Score? Go Orange.
Hall of Famers that played/managed during the 94 Strike Stats
Can you name the Hall of Famers that Played/Managed during the 1994 Strike shortend season?
By
JWilson7
4m
40 Questions
436 Plays
436 Plays
436 Plays
Comments
Comments
Give Quiz Kudos
Give Quiz Kudos
-
- Ratings
hide this ad
Replay
Link that replays current quiz
Next Quiz
Link to next quiz in quiz playlist
You Got
0%
They Got
Avg Score
35%
Avg Friend Score
Upgrade to see
Score Distribution
Jump to the score distribution portion of the page
Score
0/40
Timer
04:00
0
Plays Today
Team in 1994
Player/Manager
% Correct
Atlanta Braves
Tom Glavine
97.2%
Baltimore Orioles
Cal Ripken Jr.
97%
Seattle Mariners
Edgar Martinez
97%
Atlanta Braves
Greg Maddux
96.3%
Atlanta Braves
John Smoltz
94.2%
Baltimore Orioles
Lee Smith
94.1%
Houston Astros
Jeff Bagwell
89.4%
Seattle Mariners
Ken Griffey Jr.
89.4%
San Diego Padres
Tony Gwynn
87.2%
Minnesota Twins
Kirby Puckett
86.5%
Chicago White Sox
Frank Thomas
86.1%
Cleveland Indians
Jack Morris
84.1%
Detroit Tigers
Alan Trammell
84.1%
Montreal Expos
Pedro Martinez
84.1%
Houston Astros
Craig Biggio
84.1%
Atlanta Braves
Bobby Cox
83.3%
Oakland Athletics
Rickey Henderson
80.5%
Cincinnati Reds
Barry Larkin
79.6%
Cleveland Indians
Jim Thome
78.6%
Chicago Cubs
Ryne Sandberg
78.4%
Team in 1994
Player/Manager
% Correct
Seattle Mariners
Randy Johnson
78.3%
New York Yankees
Wade Boggs
73.9%
Toronto Blue Jays
Paul Molitor
72.2%
San Diego Padres
Trevor Hoffman
71.4%
Oakland Athletics
Dennis Eckersley
70.4%
Baltimore Orioles
Mike Mussina
69.7%
St. Louis Cardinals
Ozzie Smith
69.3%
Toronto Blue Jays
Roberto Alomar
69%
Los Angeles Dodgers
Mike Piazza
68.1%
Minnesota Twins
Dave Winfield
67%
Chicago White Sox
Tim Raines
66%
Oakland Athletics
Tony LaRussa
63.9%
Baltimore Orioles
Harold Baines
61.8%
Texas Rangers
Ivan Rodriguez
61.7%
St. Louis Cardinals
Joe Torre
60.2%
Cleveland Indians
Eddie Murray
58%
Boston Red Sox
Andre Dawson
54.6%
Detroit Tigers
George 'Sparky' Anderson
40.8%
Los Angeles Dodgers
Tommy Lasorda
39.9%
Seattle Mariners
Richard 'Goose' Gossage
36%
Quiz Playlist
Details
Report
Send in Message
Add To Playlist
Classic:
Type in answers that appear in a list
Last Updated: Jan 22, 2019
Quiz Scoreboard
CHALLENGE
Sign Up to Join the Scoreboard
Show All
Scores
Hide
Comments
May contain spoilers
Recently Published
Two Season TV Shows II
by 123Four
Television
10m
Image Sorting: Flags VI
by Barbecue
Geography
2m
Find the 'City' Movie
by crazypaving
Movies
60s
More to Explore
Quiz From the Vault
Featured Blog Post
14 Easter Pick-up Lines to Find Eggs With
hide this ad
You Might Also Like...
Tags
Baseball Quiz
MLB Quiz
1994
Hall of Fame
Manager
Player
season
strike
Today's Top Quizzes in Sports
Browse Sports
hide this ad
Today's Top Quizzes in Baseball
Browse Baseball
Top Contributed Quizzes in Sports
1
Les meilleurs buteurs des matchs entre le PSG et l’OM
2
Les entraîneurs de l'OM et du PSG au 21e siècle
3
2022 World Cup Stars
4
Les joueurs passés par le PSG et l'OM
5
Players with Multiple 50 Home Run Seasons
6
FIFA Club World Cup Champions
7
Criteria MLB: Left Handed Sluggers
8
Les joueurs passés par le LOSC et le RC Lens
9
Top 10 NHL Goal Scorers of All Time
10
MLB Players with Two .350 Batting Average Seasons
Explore More
Trending Topics
Disney
Marvel
Anime
Crossword
NBA
Kpop
Harry Potter
Song
Pokémon
Country
Puzzle
Soccer
The Office
WWE
NFL
hide this ad
More By:
JWilson7
Quiz
Plays
Rating
Category
Featured
Created
Active MLB Players with 1,000 RBIs
84,721
4.41
Sports
Jun 22, 2013
MLB Leaders Not in HOF
41,990
4.74
Sports
Feb 27, 2017
NFL Players with 500+ Receptions for One Team
41,653
4.65
Sports
Jul 7, 2016
MLB 3-Decade All-Stars
23,135
4.62
Sports
Jan 13, 2018
Active 5x All-Stars (NBA)
11,715
4.55
Sports
Dec 13, 2013
Go to Creator's Profile
Score Distribution
Quiz Creator Spotlight
JWilson7
Follow
Send a Message
Quizzes Created
-
Created Quiz Play Count
-
More By This Creator
Popular Quizzes Today
1
Find the US States - No Outlines Minefield
2
Colored Red Africa Blitz
3
Find the 'City' Movie
4
5x2 Blitz: Bands
5
The Countries of the World
6
Find the Countries of Europe - No Outlines Minefield
7
Find the US States
8
US States
More Sports Quizzes
Moto3 podiums
Quiz Lab
Trending Quizzes
Colored Red Europe Blitz I
Colored Red Africa Blitz II
Colored Red Europe Blitz II
Colored Red Africa Blitz III
Colored Red Europe Blitz III
Recently Updated
How Do You Spell That?
pecheneg
Godzilla Movies
pecheneg
Grab Bag: 4-10 Letters
pecheneg
2024 March Madness Bracket
pecheneg
Famous TV Couples
Peacemaker
Champions League XIs: Real Madrid
pecheneg
Largest US Cities 1790-2010
pecheneg
Rides in Walt Disney World
pecheneg
Most Oscar Losses (Acting)
pecheneg
Beyoncé Albums
pecheneg
Trending Topics
Kpop
NBA
Crossword
Disney
Anime
Marvel
Harry Potter
NFL
Pokémon
WWE
Song
The Office
Soccer
Country
Puzzle
Your Account Isn't Verified!
In order to create a playlist on Sporcle, you need to verify the email address you used during registration. Go to your
Sporcle Settings
to finish the process.
Report this User
Report this user for behavior that violates our
Community Guidelines
.
Details:
Send Report
Go to the Sporcle.com Mobile Site →
Comments